000 00344nam a22001457a 4500
003 OSt
005 20160727222351.0
008 160622b xxu||||| |||| 00| 0 eng d
040 _cTEST
100 _9394
_aStreatfeild, N,
245 _aThursday's Child
260 _aLON
_bWilliam Collin s & Comp.
300 _aThursday's Child
942 _2ddc
_cBK
999 _c319
_d319